00390nam a2200133 a 450000100080000000500110000800800410001910000180006024501150007826000330019330000090022665300110023565300100024611132352000-10-18 1984 bl uuuu u0uu1 u #d1 aRIBEIRO, J.L. aTransmissao de precos do feijao nos mercados atacadista e varejista da regiao metropolitana de Belo Horizonte. aBelo Horizonte: Epamigc1984 a21p. aFEIJAO aPRECO